000 00675nam a2200229 i 4500
001 C2-0108130
003 PPAK
005 20180727102338.0
008 970616s xx |||| ||||| | eng d
040 _aPPAK
_beng
_cPPAK
_erda
082 0 4 _a959.5112
_223
090 0 0 _a959.5112
_bBLA
_dKK
100 1 _aBlagden, C.O.,
_eauthor
245 1 4 _aThe Cannibal Kings in the Kedah Annals
264 1 _a[place of publication not identified] :
_bMBRAS ,
_c[date of publication not identified]
300 _a47-48 pages ;
_c30 cm
336 _2rdacontent
_atext
337 _2rdamedia
_aunmediated
338 _2rdacarrier
_avolume
650 1 0 _aKedah - History.
942 _ddc
_cB
999 _c26497
_d26497